Statystyki dla Najbardziej wartościowi piłkarze Ligue 1 2022

Kliknij tutaj aby rozwiązać quiz!

Ogólne statystyki

  • Ten quiz został rozwiązany 103 razy
    (61 od ostatniego zresetowania)
  • Średni wynik to 9 z 40

Statystyki odpowiedzi

CenaZawodnik% Poprawnych
160 mlnKylian Mbappe
100%
75 mlnNeymar Jr
97%
50 mlnLionel Messi
84%
65 mlnAchraf Hakimi
57%
40 mlnPresnel Kimpembe
57%
50 mlnGianluigi Donnarumma
48%
70 mlnMarquinhos
47%
25 mlnWissam Ben Yedder
45%
50 mlnMarco Verratti
36%
40 mlnNuno Mendes
34%
28 mlnRenato Sanches
29%
45 mlnJonathan David
26%
22 mlnMauro Icardi
26%
35 mlnLucas Paqueta
21%
60 mlnAurelien Tchouameni
19%
20 mlnMoussa Dembele
19%
25 mlnSeko Fofana
19%
25 mlnAleksandr Golovin
17%
25 mlnHoussem Aouar
16%
25 mlnMatteo Guendouzi
14%
25 mlnBoubacar Kamara
12%
22 mlnCengiz Under
12%
30 mlnWilliam Saliba
12%
42 mlnAmine Gouiri
9%
30 mlnBenoit Badiashile
9%
22 mlnGerson
9%
20 mlnCaio Henrique
7%
28 mlnHugo Ekitike
7%
20 mlnJeremy Doku
7%
22 mlnKevin Volland
7%
20 mlnLovro Majer
7%
20 mlnSofiane Diop
7%
30 mlnSven Botman
7%
25 mlnMartin Terrier
5%
22 mlnThilo Kehrer
5%
20 mlnJean-Clair Todibo
3%
30 mlnTanguy Ndombele
3%
22 mlnTete
3%
25 mlnMaxence Caqueret
2%
20 mlnCastello Lukeba
0%

Rozkład punktacji

Percentyl według liczby udzielonych odpowiedzi

Procent ludzi z każdym wynikiem

Twoja historia wyników

Nie rozwiązałeś tego quizu od ostatniego zresetowania